| 000 | 00591nam a2200217 i 4500 | ||
|---|---|---|---|
| 001 | bg | ||
| 100 | 1 |
_aTyloch, Witold Józef _d(1927-1990). |
|
| 245 | 1 | 0 |
_aBogowie czterech stron świata / _cWitold Józef Tyloch. |
| 260 |
_aŁódź : _bWydawnictwo Łódzkie, _c1988. |
||
| 300 |
_a273, [3] s., [60] s. il. : _bil. ; _c21 cm. |
||
| 504 | _aBibliogr. s. 265-269. | ||
| 650 | 4 |
_aReligia _xhistoria. |
|
| 020 | _a8321806996 | ||
| 040 | _cBPK | ||
| 041 | 0 | _apol | |
| 044 | _aPOL | ||
| 080 | _a291 | ||
| 920 | _a83-218-0699-6 | ||
| 942 | _cKS | ||
| 008 | 100831s1988 pl a |000 0 pol | ||
| 999 |
_c49664 _d49664 |
||
| 856 |
_uhttp://koha.tu.koszalin.pl/cgi-bin/koha/opac-detail.pl?biblionumber=49664 _yKatalog online BPK |
||